|
|
|
|
| LEADER |
05262nam a22003973i 4500 |
| 001 |
EBC5888199 |
| 003 |
MiAaPQ |
| 005 |
20231204023214.0 |
| 006 |
m o d | |
| 007 |
cr cnu|||||||| |
| 008 |
231204s2019 xx o ||||0 spa d |
| 020 |
|
|
|a 9781789060423
|q (electronic bk.)
|
| 020 |
|
|
|z 9781789060416
|
| 035 |
|
|
|a (MiAaPQ)EBC5888199
|
| 035 |
|
|
|a (Au-PeEL)EBL5888199
|
| 035 |
|
|
|a (OCoLC)1089662811
|
| 040 |
|
|
|a MiAaPQ
|b eng
|e rda
|e pn
|c MiAaPQ
|d MiAaPQ
|
| 100 |
1 |
|
|a Ballard, Simone.
|
| 245 |
1 |
0 |
|a Hoja de Ruta Hacia una Empresa de Agua y Saneamiento Urbano con Bajas Emisiones de Carbono.
|
| 250 |
|
|
|a 1st ed.
|
| 264 |
|
1 |
|a London :
|b IWA Publishing,
|c 2019.
|
| 264 |
|
4 |
|c ©2019.
|
| 300 |
|
|
|a 1 online resource (52 pages)
|
| 336 |
|
|
|a text
|b txt
|2 rdacontent
|
| 337 |
|
|
|a computer
|b c
|2 rdamedia
|
| 338 |
|
|
|a online resource
|b cr
|2 rdacarrier
|
| 505 |
0 |
|
|a Cubíerta -- Derechos de autor -- Agradecimientos -- Prólogos -- Índice -- Resumen -- Glosario -- Introducción -- Parte 1: El cambio climático y la función del sector de aguas urbanas para evitar una crisis inminente -- 1.1 Gestión de recursos hídricos urbanos, energía y carbono son inseparables -- 2.2 las empresas de agua y sanemiento tienen un interés particular en hacer frente a la crisis mundial del cambio climático -- 3. Transformar las dificultades en oportunidades -- Parte 2: Hoja de Ruta hacia empresas de agua y saneamiento urbano que propicien la transición hacia un futuro neutro en carbono: cinco pasos iterativos -- Primer paso. Promover medidas en favor de las bajas emisiones de carbono -- 1.1 La relación entre los factores impulsores, los objetivos y las oportunidades en apoyo de unas medidas con bajas emisiones de carbono -- 1.2 Los factores impulsores hacen avanzar la agenda -- Segundo paso. Evaluar el sistema: ¿en qué punto se hallan las emisiones de gases de efecto invernadero? -- 2.1 Fundamentos de una evaluación de referencia útil -- 2.2 Introducción a la metodología general -- 2.3 Inicio de la evaluación: componentes fundamentales -- 2.3.1 La herramienta ECAM -- 2.3.2 Marco de gestión de datos: necesidades de cara al futuro -- Tercer paso. Identificar las oportunidades -- 3.1 Afrontar las dificultades que plantean las empresas de agua y saneamiento con soluciones con bajas emisiones de carbono -- 3.2 Introducción a la metodología general -- 3.3 Comprender las emisiones: qué factores influyen en cada una de las etapas del ciclo urbano del agua -- 3.3.1 Captación de agua potable -- 3.3.2 Tratamiento de agua potable -- 3.3.3 Distribución de agua potable -- 3.3.4 Recolección de aguas residuales -- 3.3.5 Tratamiento de aguas residuales -- 3.3.6 Descarga o reutilización de aguas residuales.
|
| 505 |
8 |
|
|a 3.4 Efectos acumulados a lo largo de las distintas etapas -- 3.5 La necesidad de adoptar un enfoque holístico y crítico -- 3.6 Análisis de la viabilidad: consideraciones esenciales para obtener resultados satisfactorios -- 3.7 Adaptación de las oportunidades a los objetivos, los factores impulsores y los elementos de apoyo de la empresa de agua y saneamiento -- Cuarto paso. Aplicar las medidas: puesta en marcha de los planes -- 4.1 Financiación -- 4.1.1 Descripción del déficit de financiación habitual -- 4.1.2 Presentación de los mecanismos para cubrir el déficit de financiación -- 4.1.3 Características de un proyecto «financiable» -- 4.2 Capacidad de la empresa de agua y saneamiento: empezar por el principio -- 4.3 Políticas en vigor: medidas en curso que facilitan los progresos -- 4.4 Colaboración de las partes interesadas -- 4.5 Ejemplos de proyectos: empresas de agua y saneamiento piloto -- 4.5.1 México -- 4.5.2 El Perú -- 4.5.3 Jordania -- 4.5.4 Tailandia -- Quinto paso. Hacer un seguimiento de la repercusión -- Parte 3: La empresa de agua y saneamiento urbano del futuro: bajo en emisiones de carbono, holístico y sostenible -- 1. Las empresas de agua y saneamiento son los adalides que garantizan el futuro colectivo del agua -- 2. Seguir mejorando -- 3. Planificar activos futuros con bajas emisiones de carbono y adaptados al cambio climático -- Bibliografía -- Anexos -- Anexo I: Descripción del proyecto -- Anexo II: El marco de gestión de datos en detalle -- Anexo III: Ejemplo del uso de la hoja de ruta en una empresa de agua y saneamiento -- Anexo IV: Resumen de las oportunidades y soluciones para reducir la huella de los gases de efecto invernadero generada por las empresas de agua y saneamiento urbano.
|
| 588 |
|
|
|a Description based on publisher supplied metadata and other sources.
|
| 590 |
|
|
|a Electronic reproduction. Ann Arbor, Michigan : ProQuest Ebook Central, 2023. Available via World Wide Web. Access may be limited to ProQuest Ebook Central affiliated libraries.
|
| 655 |
|
4 |
|a Electronic books.
|
| 700 |
1 |
|
|a Porro, Jose.
|
| 700 |
1 |
|
|a Trommsdorff, Corinne.
|
| 776 |
0 |
8 |
|i Print version:
|a Ballard, Simone
|t Hoja de Ruta Hacia una Empresa de Agua y Saneamiento Urbano con Bajas Emisiones de Carbono
|d London : IWA Publishing,c2019
|z 9781789060416
|
| 797 |
2 |
|
|a ProQuest (Firm)
|
| 856 |
4 |
0 |
|u https://ebookcentral.proquest.com/lib/matrademy/detail.action?docID=5888199
|z Click to View
|